Statystyki dla Krainy historyczne Polski

Kliknij tutaj aby rozwiązać quiz!

Ogólne statystyki

  • Ten quiz został rozwiązany 46 razy
  • Średni wynik to 10 z 14

Statystyki odpowiedzi

OpisOdpowiedź% Poprawnych
Stolica: Kraków
Największe miasto: Kraków
Małopolska
95%
Stolica: Ełk
Największe miasto: Ełk
Mazury
95%
Stolica: Włocławek
Największe miasto: Bydgoszcz
Kujawy
93%
Stolica: Płock
Największe miasto: Warszawa
Mazowsze
93%
Stolica: Kartuzy, Wejherowo, Gdynia
Największe miasto: Gdynia
Kaszuby
90%
Stolica: Drohiczyn
Największe miasto: Białystok
Podlasie
90%
Stolica: Wrocław
Największe miasto: Wrocław
Śląsk
90%
Stolica: Poznań
Największe Miasto: Poznań
Wielkopolska
88%
Stolica: Olsztyn
Największe miasto: Olsztyn
Warmia
83%
Stolica: Suwałki
Największe miasto: Suwałki
Suwalszczyzna
57%
Stolica: Chełm
Największe miasto: Rzeszów
Ruś Czerwona
38%
Stolica: Lubusz (Niemcy)
Największe Miasto: Gorzów Wlkp.
Ziemia Lubuska
33%
Stolica: Gdańsk
Największe miasto: Gdańsk
Powiśle
12%
Stolica: Szczecin
Największe miasto: Szczecin
Pomorze Tylne
10%

Rozkład punktacji

Percentyl według liczby udzielonych odpowiedzi

Procent ludzi z każdym wynikiem

Twoja historia wyników

Nie rozwiązałeś tego quizu